[Event "HUN-chT2 Barcza 0405"]
[Site "Hungary"]
[Date "2004.12.19"]
[Round "5"]
[White "Bende, Sandor"]
[Black "Vajda, Andras"]
[Result "0-1"]
[WhiteElo "1946"]
[BlackElo "2029"]
[PlyCount "96"]
[EventDate "2004.09.26"]
[EventType "team"]
[EventRounds "11"]
[EventCountry "HUN"]
[SourceTitle "EXT 2009"]
[Source "ChessBase"]
[SourceDate "2008.11.26"]
[SourceVersion "1"]
[SourceVersionDate "2008.11.26"]
[SourceQuality "1"]
[WhiteTeam "Puspokladany"]
[BlackTeam "Tiszaujvaros"]
[WhiteTeamCountry "HUN"]
[BlackTeamCountry "HUN"]

1. Nf3 e6 2. d4 d5 3. e3 Nf6 4. Bd3 c5 5. c4 Nc6 6. dxc5 Bxc5 7. 0-0 dxc4 8. Bxc4 0-0 9. Nc3 a6 10. a3 b5 11. Be2 Qc7 12. Qc2 Ne7 13. b4 Bb6 14. Bb2 Bb7 15. Rac1 Rac8 16. Qb1 Qb8 17. Ng5 Ng6 18. Nge4 Nxe4 19. Nxe4 Bc7 20. h3 Qa8 21. f3 Bxe4 22. Qxe4 Qxe4 23. fxe4 Be5 24. Bd4 Rfd8 25. Rxc8 Rxc8 26. Rd1 f6 27. Bc5 Bg3 28. Bg4 Re8 29. Rd7 Ne5 30. Ra7 Nxg4 31. hxg4 Rd8 32. Kf1 Rd2 33. Rxa6 Rf2+ 34. Ke1 Rxg2+ 35. Kf1 Rf2+ 36. Kg1 Ra2 37. Rxe6 Rxa3 38. Rb6 Kf7 39. Rxb5 Ra2 40. Rb7+ Kg6 41. Bf8 Kg5 42. Rxg7+ Kh4 43. Kf1 Be5 44. Rxh7+ Kxg4 45. Bc5 Kf3 46. Ke1 Kxe4 47. Rd7 Rb2 48. Rd2 Bc3 0-1